Представление документа в формате MARC21

Поле Инд. ПП Название Значение
Тип записи a
Библиографический уровень b
001 Контрольный номер 12c12fb0672b4b2893b53a859da0e9c6
005 Дата корректировки 20220413163008.2
024 80 a Стандартный номер DOI: 10.1002/ejic.201600020
040 a Служба первич. каталог. РИНЦ
041 0_ a Код языка текста eng
084 a Индекс другой классификации/Индекс ББК 24.5
097 a Ануфриева Г.Ю.
097 a Костикова Н.В.
100 1_ a Автор Istomin S. Y.
100 1_ a Автор Chernova V. V.
100 1_ a Автор Antipov E. V.
100 1_ a Автор Volkova O. S.
100 1_ a Автор Yushankhai V. Y.
g Прочие сведения РИНЦ AuthorID: 27705 (http://elibrary.ru/author_profile.asp?id= 27705); Scopus Author ID: 6603936618 (https://www.scopus.com/authid/detail.uri?authorId=6603936618)
q Полное имя Юшанхай Виктор Юлиевич
u Дополнение Юшанхай В. Ю.; Yushankhai Victor Yu
c Титул (звания) доктор физико-математических наук
i 000090936
k Кафедра химии, новых технологий и материалов; Факультет естественных и инженерных наук
100 1_ a Автор Balagurov A. M.
g Прочие сведения РИНЦ AuthorID: 307 (http://elibrary.ru/author_profile.asp?id= 307); SPIN-код: 9097-4000 (http://elibrary.ru/author_items.asp?authorid=307); Scopus Author ID: 7006758479 (https://www.scopus.com/authid/detail.uri?origin=resultslist&authorId=7006758479&zone=); SPIN-код: 9097-4000 (http://elibrary.ru/author_items.asp?authorid=307); Scopus Author ID: 7006758479 (https://www.scopus.com/authid/detail.uri?origin=resultslist&authorId=7006758479&zone=)
q Полное имя Балагуров Анатолий Михайлович
u Дополнение Балагуров А. М.; Balagurov Anatoly M.
c Титул (звания) Профессор; доктор физико-математических наук
i 100093204
k Кафедра нанотехнологий и новых материалов; Факультет естественных и инженерных наук
245 10 a Заглавие Wide-range tuning of the mo oxidation state in la1–xsrxfe2/3mo1/303 perovskites
550 a Прим. об изд. организации Факультет естественных и инженерных наук
a Прим. об изд. организации Кафедра нанотехнологий и новых материалов
a Прим. об изд. организации Кафедра химии, новых технологий и материалов
a Прим. об изд. организации Кафедра фундаментальных проблем физики микромира
650 04 a Основная рубрика химия; физическая химия
773 18 t Название источника European Journal of Inorganic Chemistry
b Сведения об издании Wiley Interscience
d Место и дата издания 2016
m Специф. данные входит в Scopus
m Специф. данные входит в WoS
m Специф. данные входит в ядро РИНЦ
n Примечание http://elibrary.ru/contents.asp?issueid=1626790
g Прочая информация Т. 2016. - № 18. - P. 2942 - 2951
w Контрольный № источника 0
856 40 u URL http://elibrary.ru/item.asp?id=27075190
901 t Тип документа b
952 c Вид литературы статья в журнале